Szczegóły MARC21

Wstęp do fizyki atomu, cząsteczki i ciała stałego /

003 -Nazwa inst., której nr kontr. jest w polu 001 [,]
    • @
    • Nazwa instytucji, której n kontrolny jest w polu 001
    • NUKAT
005 -DATA I CZAS OSTATNIEJ MODYFIKACJI [,]
    • @
    • pole kontrolne
    • 20241231104754.0
020 -Międzynarod. znormalizowany nr książki - ISBN [ , ]
    • a
    • Numer ISBN
    • 8301015128 Find
040 -Instytucja sporządzająca opis [ , ]
    • a
    • Instytucja, która sporządziła opis (NP)
    • Ł U/AS
    • b
    • Język katalogowania
    • pol
    • e
    • Zasady katalogowania
    • rda
    • c
    • Instytucja, która sporządziła rekord (NP)
    • Ł U/AS
    • d
    • Instytucja, która zmodyfikowała rekord (P)
    • Ł U/MK
    • d
    • Instytucja, która zmodyfikowała rekord (P)
    • Ł U/MSs
    • d
    • Instytucja, która zmodyfikowała rekord (P)
    • GD 015/JK
    • d
    • Instytucja, która zmodyfikowała rekord (P)
    • GL 001/FAN
    • d
    • Instytucja, która zmodyfikowała rekord (P)
    • GL 001/FMM
942 -Rodzaj dokumentu [ , ]
    • c
    • Rodzaj dokumentu
    • Książka
100 -Hasło główne - nazwa osobowa [1, ]
    • a
    • Nazwa osobowa (NP)
    • Ginter, Jerzy
    • d
    • Daty biograficzne (NP)
    • (1935-2023).
    • e
    • Rodzaj współpracy
    • Autor
    • 9
    • KHW
    • 83736
245 -Strefa tytułu i oznaczenia odpowiedzialności [1,0]
    • a
    • Tytuł
    • Wstęp do fizyki atomu, cząsteczki i ciała stałego / Find
    • c
    • Pozostałe elementy strefy tytułu i oznaczenia odpowiedzialności (NP)
    • Jerzy Ginter.
250 -Strefa wydania [ , ]
    • a
    • Oznaczenie wydania (NP)
    • Wydanie I.
260 -Strefa adresu wydawniczego [ , ]
    • a
    • Miejsce wydania (P)
    • Warszawa :
    • b
    • Nazwa wydawcy (P)
    • Państwowe Wydawnictwo Naukowe,
    • c
    • Data wydania (P)
    • 1979.
300 -Strefa opisu fizycznego [ , ]
    • a
    • Określenie formy książki i/lub objętość (NP)
    • 438, [2] strony, [4] strony tablic kolorowych :
    • b
    • Oznaczenie ilustracji (NP)
    • ilustracje (w tym kolorowe) ;
    • c
    • Format (NP)
    • 24 cm.
336 -Typ zawartości [ , ]
    • a
    • Termin opisujący typ zawartości
    • Tekst
    • b
    • Kod określający zawartość
    • txt
    • 2
    • Źródło (terminu i kodu)
    • rdacontent
337 -Typ mediów [ , ]
    • a
    • Tryb odtwarzania
    • Bez urządzenia pośredniczącego
    • b
    • Kod typu mediów
    • n
    • 2
    • Źródło (terminu i kodu)
    • rdamedia
338 -Typ/rodzaj nośnika [ , ]
    • a
    • Hasło opisujące typ nośnika
    • Wolumin
    • b
    • Kod typu nośnika
    • nc
    • 2
    • Źródło (terminu i kodu)
    • rdacarrier
490 -Strefa serii i książki wielotomowej - forma nie do wyszukiwania [1, ]
    • a
    • Tytuł (P)
    • Biblioteka Fizyki, Find
    • x
    • ISSN (NP)
    • 0137-5059 ;
    • v
    • Numeracja (P)
    • t. 8
830 -Hasło dodatkowe serii i opisu książki wielotomowej - tytuł ujednolicony/tytuł [ ,0]
    • a
    • Tytuł ujednolicony/tytuł (NP)
    • Biblioteka Fizyki
    • x
    • ISSN
    • 0137-5059
    • v
    • Oznaczenie tomu (NP)
    • t. 8
    • 9
    • KHW
    • 98878
504 -Uwaga dot. bibliogr. załącznikowej [ , ]
    • a
    • Uwaga dot. bibliografii załącznikowej
    • Bibliografia na stronach 433-434. Indeks.
080 -Uniwersalna Klasyfikacja Dziesiętna [ , ]
    • a
    • Symbol klasyfikacji
    • 539.14/.18(07)
650 -Hasło przedmiotowe [ ,7]
    • a
    • Hasło przedmiotowe
    • Atomy
    • v
    • Określnik formalny
    • podręczniki akademickie.
    • 2
    • Źródło terminu
    • kaba
    • 9
    • KHW
    • 375032
650 -Hasło przedmiotowe [ ,7]
    • a
    • Hasło przedmiotowe
    • Molekuły
    • v
    • Określnik formalny
    • podręczniki akademickie.
    • 2
    • Źródło terminu
    • kaba
    • 9
    • KHW
    • 466864
650 -Hasło przedmiotowe [ ,7]
    • a
    • Hasło przedmiotowe
    • Fizyka ciała stałego
    • v
    • Określnik formalny
    • podręczniki akademickie.
    • 2
    • Źródło terminu
    • kaba
    • 9
    • KHW
    • 359973
980 -Symbol UKD [ , ]
    • a
    • UKD
    • 539.14/.18(07)
710 -Hasło dodatkowe - nazwa ciała zbiorowego [2, ]
    • a
    • Nazwa ciała zbiorowego lub nazwa geograficzna jako pierwszy element (NP)
    • Państwowe Wydawnictwo Naukowe (1951-1992).
    • e
    • Rodzaj współpracy
    • Wydawca
    • 4
    • Kod relacji
    • pbl
    • 9
    • KHW
    • 52048
920 -ISBN [ , ]
    • a
    • ISBN
    • 83-01-01512-8 Find
Data inwentaryzacji Lokalizacja Status udost. Sygnatura Numer inwentarzowy
1994-02-07BG2W.86482W.86482
1994-02-07BG2W.86482W.178990
1994-02-07BG2W.86482W.86689
1994-02-07BG2W.86482W.86690
1994-02-07BG2W.86482W.86691
1994-02-07BG2W.86482W.86692
1994-02-07BG2W.86482W.86693
1994-02-07BG2W.86482W.86694
1994-02-07BG2W.86482W.86695
1994-02-07BG2W.86482W.86696
1994-02-07BG2W.86482W.86697
1994-02-07BG2W.86482W.86698
1994-02-07BG2W.86482W.86699
1994-02-07BG2W.86482W.86700
1994-02-07BG2W.86482W.86701
1994-02-07BG2W.86482W.86702
1994-02-07BG2W.86482W.86703
1994-02-07BG2W.86482W.86704
1994-02-07BG2W.86482W.86705
1994-02-07BG2W.86482W.86706
1994-02-07BG2W.86482W.86707
1994-02-07BG2W.86482W.86708
1994-02-07BG2W.86482W.86970
1994-02-07BG2W.86482W.86971
1994-02-07BG2W.86482W.86972
1994-02-07BG2W.86482W.86973
1994-02-07BG2W.86482W.86974
1994-02-07BG2W.86482W.86975
1994-02-07BG2W.86482W.86976
1994-02-07BG2W.86482W.86977
1994-02-07BG2W.86482W.86978
1994-02-07BG2W.86482W.86979
1994-02-07BG2W.86482W.86980
1994-02-07BG2W.86482W.86981
1994-02-07BG2W.86482W.86982
1994-02-07BG2W.86482W.86983
1994-02-07BG2W.86482W.86984
1994-02-07BG2 N.4563
1994-02-07BG1 N.4564
2006-02-08BG1 N.18798
2006-02-08BG-3 N.18799